Shafer's Textbook of Oral Pathology (Record no. 22722)

MARC details
000 -LEADER
fixed length control field 00383nam a22001697a 4500
003 - CONTROL NUMBER IDENTIFIER
control field SGT
020 ## - INTERNATIONAL STANDARD BOOK NUMBER
International Standard Book Number 9788131255452
082 ## - DEWEY DECIMAL CLASSIFICATION NUMBER
Classification number 616.07
Item number S20S
100 ## - MAIN ENTRY--PERSONAL NAME
Personal name Sivapathasundharam, B.
245 ## - TITLE STATEMENT
Title Shafer's Textbook of Oral Pathology
250 ## - EDITION STATEMENT
Edition statement 9th
260 ## - PUBLICATION, DISTRIBUTION, ETC. (IMPRINT)
Name of publisher, distributor, etc Elsevier
Year of Publication 2020
300 ## - PAGE DESCRIPTION
No. of Pages 797
650 ## - SUBJECT ADDED ENTRY--TOPICAL TERM
Topical term or geographic name as entry element Oral Pathology
653 ## - KEYWORDS--INDEX TERM
Keyword term Oral Pathology
942 ## - ADDED ENTRY ELEMENTS (KOHA)
Source of classification or shelving scheme Dewey Decimal Classification
Koha item type Books
942 ## - ADDED ENTRY ELEMENTS (KOHA)
-- 226
Holdings
Withdrawn status Lost status Source of classification or shelving scheme Damaged status Not for loan Home library Current library Date acquired Vendor Name Cost, normal purchase price SGTU Bill Number Total Checkouts Full call number Accession No. (Barcode) Date last seen Date last borrowed Bill Date Koha item type Total Renewals
    Dewey Decimal Classification     SGT Dental Library SGT Dental Library 11/05/2022 Ahuja Book Co. Pvt. Ltd. 2305.00 SGTU 14353 81 616.07 S20S FD8688 20/03/2026 20/03/2026 16/04/2022 Books  
    Dewey Decimal Classification     SGT Dental Library SGT Dental Library 11/05/2022 Ahuja Book Co. Pvt. Ltd. 2305.00 SGTU 14353 61 616.07 S20S FD8689 08/10/2025 08/10/2025 16/04/2022 Books 1
    Dewey Decimal Classification     SGT Dental Library SGT Dental Library 11/05/2022 Ahuja Book Co. Pvt. Ltd. 2305.00 SGTU 14353 10 616.07 S20S FD8690 14/02/2026 14/02/2026 16/04/2022 Books  
    Dewey Decimal Classification     SGT Dental Library SGT Dental Library 11/05/2022 Ahuja Book Co. Pvt. Ltd. 2305.00 SGTU 14353 81 616.07 S20S FD8691 19/11/2025 19/11/2025 16/04/2022 Books 1
    Dewey Decimal Classification     SGT Dental Library SGT Dental Library 11/05/2022 Ahuja Book Co. Pvt. Ltd. 2305.00 SGTU 14353 62 616.07 S20S FD8692 24/09/2025 23/09/2025 16/04/2022 Books